[Event "San Vicente op 8th"]
[Site "San Vicente"]
[Date "2024.03.31"]
[Round "8"]
[White "Heimann, Mark A"]
[Black "Lazaro Pujol, Abel"]
[Result "1-0"]
[WhiteElo "2435"]
[BlackElo "2309"]
[PlyCount "62"]
[EventDate "2024.03.27"]
[EventType "swiss"]
[EventRounds "9"]
[EventCountry "ESP"]
[SourceTitle "CB14_2024"]
[SourceDate "2024.04.01"]
[SourceVersion "1"]
[SourceVersionDate "2024.04.01"]
[SourceQuality "1"]

1. d4 d5 2. c4 e6 3. Nf3 Nf6 4. Nc3 Bb4 5. Qb3 c5 6. dxc5 Nc6 7. Bg5 dxc4 8. Qxc4 Qa5 9. Bxf6 gxf6 10. Rc1 Qxc5 11. Qh4 Ke7 12. g3 Bxc3+ 13. bxc3 Bd7 14. Bg2 Rac8 15. 0-0 h5 16. Rfd1 Rhd8 17. Nd2 Qg5 18. Qa4 Qa5 19. Qb3 b6 20. Nc4 Qc5 21. Nd6 Rc7 22. Ne4 Qa5 23. a4 Ne5 24. Qa3+ Rc5 25. Nxc5 bxc5 26. Rd4 Rc8 27. Rb1 Rc7 28. Rh4 Qa6 29. Qa2 f5 30. Qd2 Bxa4 31. Qf4 Kd6 1-0

[Event "US Masters op"]
[Site "Charlotte"]
[Date "2023.11.23"]
[Round "3"]
[White "Heimann, Mark A"]
[Black "Burke, John M"]
[Result "1/2-1/2"]
[WhiteElo "2440"]
[BlackElo "2583"]
[PlyCount "121"]
[EventDate "2023.11.22"]
[EventType "swiss"]
[EventRounds "9"]
[EventCountry "USA"]
[SourceTitle "CB48_2023"]
[SourceDate "2023.11.29"]
[SourceVersion "1"]
[SourceVersionDate "2023.11.29"]
[SourceQuality "1"]

1. e4 c5 2. Nf3 d6 3. d4 cxd4 4. Nxd4 Nf6 5. Nc3 Nc6 6. Bb5 Bd7 7. Bg5 e6 8. Qd3 Nxd4 9. Bxd7+ Qxd7 10. Qxd4 Be7 11. 0-0-0 Rc8 12. Bxf6 Bxf6 13. Qxd6 Qxd6 14. Rxd6 Bxc3 15. bxc3 Ke7 16. Rhd1 Rc7 17. Kb2 Rhc8 18. R1d3 g5 19. R6d4 Kf6 20. Rf3+ Kg6 21. e5 h5 22. Rf6+ Kg7 23. Rd3 b5 24. Rg3 g4 25. h3 Rc4 26. a3 a5 27. Kb3 h4 28. Rxg4+ Rxg4 29. hxg4 Rc4 30. f3 a4+ 31. Kb2 Rc5 32. Rf4 Rxe5 33. c4 bxc4 34. Rxc4 Re2 35. g5 Rxg2 36. Rxh4 Rxg5 37. Rxa4 Kf6 38. Rf4+ Ke7 39. a4 e5 40. Rb4 Kd6 41. Rb6+ Kc5 42. Rb7 Rf5 43. Rb3 Rf4 44. Ka3 f5 45. a5 Rh4 46. Rb7 e4 47. Rf7 e3 48. Rxf5+ Kd4 49. f4 e2 50. c3+ Kxc3 51. Re5 Kd2 52. Rd5+ Ke1 53. Kb4 Rxf4+ 54. Kb5 Re4 55. Rh5 Kd2 56. Rh1 e1Q 57. Rxe1 Rxe1 58. a6 Re5+ 59. Kb6 Re6+ 60. Kb7 Rxa6 61. Kxa6 1/2-1/2

[Event "Fort Lauderdale 1000 GM GM 08"]
[Site "Fort Lauderdale"]
[Date "2023.08.06"]
[Round "8"]
[White "Heimann, Mark A"]
[Black "Schmakel, Sam A"]
[Result "1-0"]
[WhiteElo "2440"]
[BlackElo "2455"]
[PlyCount "77"]
[EventDate "2023.08.02"]
[EventType "tourn"]
[EventRounds "9"]
[EventCountry "USA"]
[EventCategory "6"]
[SourceTitle "CBM 215 Extra"]
[Source "ChessBase"]
[SourceDate "2023.09.30"]
[SourceVersion "1"]
[SourceVersionDate "2023.09.30"]
[SourceQuality "1"]

1. d4 g6 2. e4 Bg7 3. Nf3 d6 4. Nc3 a6 5. a4 Nc6 6. h3 Nf6 7. Bg5 h6 8. Be3 e6 9. Qd2 b6 10. d5 Nb4 11. Bc4 e5 12. a5 bxa5 13. Rxa5 c5 14. Ra3 0-0 15. 0-0 Kh7 16. Rfa1 Nd7 17. Ne2 f5 18. exf5 gxf5 19. c3 f4 20. cxb4 fxe3 21. Rxe3 cxb4 22. Bd3+ Kg8 23. Qxb4 Nc5 24. Bc2 a5 25. Qd2 Rb8 26. Ng3 Rb4 27. Nh5 e4 28. Nxg7 Kxg7 29. Nd4 Qf6 30. Nc6 Rxb2 31. Rxa5 Nd3 32. Ra7+ Kh8 33. Rxe4 Nxf2 34. Ree7 Nxh3+ 35. Kh2 Bf5 36. Rh7+ Kg8 37. Rag7+ Qxg7 38. Rxg7+ Kxg7 39. Qc3+ 1-0

[Event "Las Vegas National op"]
[Site "Las Vegas"]
[Date "2023.06.14"]
[Round "1"]
[White "Glashausser, Sho"]
[Black "Heimann, Mark A"]
[Result "0-1"]
[WhiteElo "1953"]
[BlackElo "2426"]
[PlyCount "68"]
[EventDate "2023.06.14"]
[EventType "swiss"]
[EventRounds "9"]
[EventCountry "USA"]
[SourceTitle "CBM 214 Extra"]
[Source "ChessBase"]
[SourceDate "2023.07.31"]
[SourceVersion "1"]
[SourceVersionDate "2023.07.31"]
[SourceQuality "1"]

1. e4 c5 2. Nf3 d6 3. Bb5+ Nd7 4. c3 Ngf6 5. Qe2 a6 6. Ba4 b5 7. Bc2 Bb7 8. d4 e6 9. 0-0 Rc8 10. a4 Be7 11. Re1 Qb6 12. d5 exd5 13. exd5 0-0 14. axb5 axb5 15. Na3 Ba6 16. Bd3 c4 17. Bf5 Rfe8 18. Be3 Qb7 19. Nc2 Ra8 20. Nb4 Nc5 21. Nd4 g6 22. Bg4 Nd3 23. Nxd3 cxd3 24. Qd1 Nxg4 25. Qxg4 Qxd5 26. Bh6 Bf6 27. Rxe8+ Rxe8 28. Qd7 Rd8 29. Re1 Qa8 30. Qc7 Bb7 31. f3 Re8 32. Rd1 Qa4 33. Rxd3 Qa1+ 34. Kf2 Qe1# 0-1

[Event "CAN Transnational Classic"]
[Site "Montreal"]
[Date "2023.06.11"]
[Round "9"]
[White "Bartel, Mateusz"]
[Black "Heimann, Mark A"]
[Result "1-0"]
[WhiteElo "2609"]
[BlackElo "2426"]
[PlyCount "79"]
[EventDate "2023.06.06"]
[EventType "swiss"]
[EventRounds "9"]
[EventCountry "CAN"]
[SourceTitle "CBM 214 Extra"]
[Source "ChessBase"]
[SourceDate "2023.07.31"]
[SourceVersion "1"]
[SourceVersionDate "2023.07.31"]
[SourceQuality "1"]

1. e4 e5 2. Nf3 Nc6 3. Bb5 Nf6 4. d3 d6 5. a4 Be7 6. a5 a6 7. Bc4 0-0 8. 0-0 b5 9. axb6 cxb6 10. h3 Bb7 11. Nc3 b5 12. Ba2 h6 13. Nd5 Nxd5 14. Bxd5 Qd7 15. c3 Bf6 16. Nh2 Ne7 17. Bb3 d5 18. Ng4 Qd6 19. f4 dxe4 20. fxe5 Bxe5 21. d4 Bg3 22. Rf6 Bh2+ 23. Kh1 Qg3 24. Rf1 e3 25. Qe2 Ng6 26. Nxh2 Rae8 27. d5 Nf4 28. Qg4 Qxg4 29. Nxg4 e2 30. Bxf4 exf1Q+ 31. Rxf1 Re2 32. Bc1 Rfe8 33. Ne3 R2xe3 34. Bxe3 Rxe3 35. d6 Rxh3+ 36. Kg1 Rd3 37. Rxf7 Bd5 38. Rf3 Rd2 39. Rf2 Rd3 40. Bc2 1-0

[Event "CAN Transnational op"]
[Site "Montreal"]
[Date "2023.06.10"]
[Round "7"]
[White "Heimann, Mark A"]
[Black "Cruz, Cristhian"]
[Result "1-0"]
[WhiteElo "2426"]
[BlackElo "2522"]
[PlyCount "63"]
[EventDate "2023.06.06"]
[EventType "swiss"]
[EventRounds "9"]
[EventCountry "CAN"]
[SourceTitle "CBM 214 Extra"]
[Source "ChessBase"]
[SourceDate "2023.07.31"]
[SourceVersion "1"]
[SourceVersionDate "2023.07.31"]
[SourceQuality "1"]

1. e4 c5 2. Nf3 Nc6 3. d4 cxd4 4. Nxd4 Nf6 5. Nc3 d6 6. Bg5 e6 7. Qd3 Be7 8. 0-0-0 0-0 9. f4 Qb6 10. Nxc6 bxc6 11. e5 dxe5 12. fxe5 Nd5 13. h4 Qc7 14. Bxe7 Qxe7 15. Ne4 a5 16. Ng5 f5 17. exf6 gxf6 18. Ne4 e5 19. Qc4 Be6 20. Qc5 Qxc5 21. Nxc5 Bg4 22. Rd2 Kh8 23. Bc4 Nf4 24. Nd7 Bxd7 25. Rxd7 Rad8 26. Ra7 Nxg2 27. Rg1 Ne3 28. Bd3 e4 29. Bxe4 f5 30. Bxc6 Rg8 31. Rxg8+ Kxg8 32. Ra8 1-0

[Event "Los Angeles 1000GM GM 02"]
[Site "Los Angeles"]
[Date "2023.02.25"]
[Round "8.2"]
[White "Heimann, Mark A"]
[Black "Shlyakhtenko, Robert"]
[Result "0-1"]
[WhiteElo "2431"]
[BlackElo "2426"]
[PlyCount "62"]
[EventDate "2023.02.22"]
[EventType "team-schev"]
[EventRounds "9"]
[EventCountry "USA"]
[SourceTitle "CBM 213 Extra"]
[Source "ChessBase"]
[SourceDate "2023.05.31"]
[SourceVersion "1"]
[SourceVersionDate "2023.05.31"]
[SourceQuality "1"]
[WhiteTeam "Group B"]
[BlackTeam "Group D"]
[WhiteTeamCountry "USA"]
[BlackTeamCountry "USA"]

1. c4 e5 2. g3 c6 3. d4 e4 4. Nc3 d5 5. f3 Bb4 6. Qb3 Na6 7. cxd5 Nf6 8. Bg5 cxd5 9. a3 Bxc3+ 10. bxc3 0-0 11. Bg2 Be6 12. Bxf6 Qxf6 13. Qxb7 Nc5 14. Qb4 exf3 15. Nxf3 Ne4 16. Qb1 Rac8 17. 0-0 Rxc3 18. Ne5 Qg5 19. Rf4 Nxg3 20. hxg3 Rxg3 21. Rf2 Bh3 22. Qf1 Qe3 23. Kh1 Qh6 24. Kg1 Bxg2 25. Rxg2 Rh3 26. Qf5 Rh1+ 27. Kf2 Rxa1 28. Ng4 Qh4+ 29. Kf3 Rf1+ 30. Nf2 Qxd4 31. e3 Qe4+ 0-1

[Event "Los Angeles 1000GM GM 02"]
[Site "Los Angeles"]
[Date "2023.02.24"]
[Round "6.1"]
[White "Heimann, Mark A"]
[Black "Budisavljevic, Luka"]
[Result "1-0"]
[WhiteElo "2431"]
[BlackElo "2492"]
[PlyCount "61"]
[EventDate "2023.02.22"]
[EventType "team-schev"]
[EventRounds "9"]
[EventCountry "USA"]
[SourceTitle "CBM 213 Extra"]
[Source "ChessBase"]
[SourceDate "2023.05.31"]
[SourceVersion "1"]
[SourceVersionDate "2023.05.31"]
[SourceQuality "1"]
[WhiteTeam "Group B"]
[BlackTeam "Group A"]
[WhiteTeamCountry "USA"]
[BlackTeamCountry "USA"]

1. d4 Nf6 2. c4 e6 3. Nf3 a6 4. Nc3 d5 5. cxd5 exd5 6. Bg5 Be6 7. Qb3 Nbd7 8. e3 Rb8 9. Qc2 Bd6 10. Bd3 c6 11. 0-0 Qc7 12. Bh4 Bg4 13. Bg3 Bxf3 14. gxf3 c5 15. dxc5 Qxc5 16. Rfd1 Rd8 17. Qb3 Bxg3 18. hxg3 b5 19. Rac1 Qd6 20. Bxb5 axb5 21. Nxb5 Qe7 22. Nc7+ Kf8 23. Nxd5 Nxd5 24. Qxd5 Qe6 25. Qxe6 fxe6 26. Rxd7 Rxd7 27. Rc8+ Kf7 28. Rxh8 Rb7 29. b3 Ra7 30. Rxh7 Rxa2 31. Rh4 1-0

[Event "Bay Area GM"]
[Site "San Jose"]
[Date "2022.12.08"]
[Round "3"]
[White "Heimann, Mark A"]
[Black "Kunka, Harshid"]
[Result "1-0"]
[WhiteElo "2424"]
[BlackElo "2391"]
[PlyCount "89"]
[EventDate "2022.12.07"]
[EventType "tourn"]
[EventRounds "9"]
[EventCountry "USA"]
[EventCategory "8"]
[SourceTitle "CBM 211 Extra"]
[Source "ChessBase"]
[SourceDate "2023.01.31"]
[SourceVersion "1"]
[SourceVersionDate "2023.01.31"]
[SourceQuality "1"]

1. e4 c6 2. d4 d5 3. e5 Bf5 4. Nf3 e6 5. Be2 Nd7 6. 0-0 Ne7 7. Nbd2 Nc8 8. Nb3 Be7 9. a4 0-0 10. a5 a6 11. Re1 Na7 12. h3 c5 13. c4 Nc6 14. cxd5 exd5 15. dxc5 Nxc5 16. Nbd4 Bg6 17. Be3 Ne6 18. Nxc6 bxc6 19. Bb6 Qd7 20. Qa4 Qb7 21. Nd4 Nxd4 22. Qxd4 f6 23. e6 Bd6 24. Bg4 Rfe8 25. Rac1 Rac8 26. f4 f5 27. Bf3 Re7 28. g3 Rf8 29. Re3 Rf6 30. Bd8 Be8 31. Bxe7 Qxe7 32. Kf1 Bb8 33. Qd3 Ba7 34. Re2 Rh6 35. Kg2 Bb8 36. Qxf5 Rf6 37. Qd3 h5 38. Qxa6 Rg6 39. Rc3 d4 40. Rb3 Rxg3+ 41. Kxg3 Bxf4+ 42. Kg2 Qg5+ 43. Kf1 Qg3 44. Qc8 Qxh3+ 45. Bg2 1-0

[Event "Hollywood Masters op"]
[Site "Los Angeles"]
[Date "2022.10.26"]
[Round "2"]
[White "Bruzon Batista, Lazaro"]
[Black "Heimann, Mark A"]
[Result "1-0"]
[WhiteElo "2615"]
[BlackElo "2408"]
[PlyCount "85"]
[EventDate "2022.10.26"]
[EventType "swiss"]
[EventRounds "9"]
[EventCountry "USA"]
[SourceTitle "EXT 2024"]
[Source "ChessBase"]
[SourceDate "2023.10.10"]
[SourceVersion "1"]
[SourceVersionDate "2023.10.10"]
[SourceQuality "1"]

1. Nf3 Nf6 2. g3 b5 3. d3 Bb7 4. e4 c5 5. Bg2 Nc6 6. 0-0 d6 7. c3 g6 8. Re1 Bg7 9. d4 Nd7 10. Be3 0-0 11. Nbd2 b4 12. Rc1 a5 13. Bf1 a4 14. d5 bxc3 15. bxc3 Nce5 16. Nxe5 Nxe5 17. f4 Nd7 18. Bf2 Ba6 19. Bh3 Nb6 20. c4 Bb2 21. Rc2 a3 22. e5 Qc7 23. e6 f5 24. g4 fxg4 25. Qxg4 Nxd5 26. cxd5 Bd3 27. Rc4 Bxc4 28. Nxc4 Ra4 29. Bf1 Qb7 30. Qd1 Rb4 31. f5 Rxf5 32. Nxd6 Rg5+ 33. Bg2 Qb8 34. Nf7 Rxg2+ 35. Kxg2 Bd4 36. Bg3 Rb2+ 37. Kh3 Qb7 38. Qf3 Bf6 39. Nh6+ Kg7 40. Ng4 h5 41. Nxf6 exf6 42. e7 g5 43. e8N+ 1-0